00528cam a22001457a 4500008004000000082001700040100001700057245010800074260002700182300001000209440003900219650001900258999001900277952008600296180718b1912 xxu||||| |||| 00| 0 eng d aA6x42 P759/9 aLeadam, I.S. aThe history of England from the accession of Anne to the death of George II (1702-1760)cby I.S. Leadam aLondonbLongmansc1912 a557p. aPolitical History of England, vo.9 aU.K. - History c371731d371731 00104070aIIPAbIIPAd2010-02-04oA6x42 P759/9pA529r2018-07-21w2018-07-21yA